000 00787nam a2200229 i 4500
001 135219
003 ES-MaACL
005 20250902215808.0
007 t|
008 070712q1910 fr ||||1| fre d
080 _a62:301
100 1 _aTolman, William H.
_9110473
245 1 2 _aL'oeuvre de l'ingénieur social /
_cpar Willian Howe Tolman ; préface de M.A. Carnegie ; traduit et adapté de l'anglais par Pierre Janelle ; préface de M.E. Levasseur.
260 _aParis :
_bVuibert et Nony,
_c[1910?]
300 _aXIX, 329 p. :
_bil. ;
_c25 cm.
650 1 4 _aIngeniería-
_xAspectos sociales
_913768
700 1 _aJanelle, Pierre.
_966004
700 0 _aLevasseur, Emile.
_971915
700 1 _aCarnegie, Andrew.
_935359
852 _aES-MaACL
_jF-769
999 _c135219
_d135219